Normal view
MARC view
Entry Personal Name
001 - CONTROL NUMBER
- control field: 60205
003 - CONTROL NUMBER IDENTIFIER
- control field: dpl
005 - DATE AND TIME OF LATEST TRANSACTION
- control field: 20231222154956.0
008 - FIXED-LENGTH DATA ELEMENTS
- fixed length control field: 231222|| aca||aabn | a|a d
040 ## - CATALOGING SOURCE
- Original cataloging agency: dpl
- Transcribing agency: dpl
100 ## - HEADING--PERSONAL NAME
- Personal name: Sharma Ashwani Kumar
670 ## - SOURCE DATA FOUND
- Source citation: Work cat.: (dpl)199800: KHANNA M.L. 60204, MATHEMATICS FOR IIT-JEE, 2023
